[Event "Atom Cup IM 3rd"]
[Site "Paks"]
[Date "1998.??.??"]
[Round "6"]
[White "Nor, Igal"]
[Black "Sevo, Igor"]
[Result "0-1"]
[WhiteElo "2280"]
[BlackElo "2155"]

1.d4 Nf6 2.c4 g6 3.Nc3 Bg7 4.e4 d6 5.Nf3 O-O 6.Be2 e5 7.d5 a5 8.Bg5 h6 9.Bh4 Na6
10.Nd2 Bd7 11.O-O Nc5 12.Kh1 Qe8 13.Bxf6 Bxf6 14.Bg4 h5 15.Bxd7 Qxd7 16.Nb3 Na4
17.Nxa4 Qxa4 18.Qe2 Bg5 19.Rfe1 Kg7 20.Qc2 b6 21.Rad1 f5 22.Rd3 Qd7 23.Na1 Rf7
24.Rdd1 Raf8 25.f3 Bh4 26.Re2 Bg5 27.Qd3 h4 28.h3 fxe4 29.Qxe4 Rf4 30.Qd3 e4
31.Rxe4 Rxf3 32.Qe2 Rf2 33.Qe1 Qf5 34.Qc3+ Bf6 35.Qd3 Be5 36.Rg1 Rf1 37.Qe2 Rf7
38.Nb3 Rf2 39.Qg4 Qxg4 40.Rxg4 Rxb2 41.Rxh4 Rxa2 42.Nd4 Bxd4 43.Rxd4 Raf2
44.Re4 a4 45.Kh2 R2f4 46.Rge1 Rxe4 47.Rxe4 Rf8 48.Re7+ Kf6 49.Re6+ Kf7 50.Re3 Ra8
51.Ra3 Kf6 52.Kg3 Ke5 53.Kg4 Kd4 54.Kg5 Kxc4 55.g4 b5 56.Kxg6 b4 57.Ra1 b3
58.Rc1+ Kxd5 59.h4 a3 60.h5 a2 61.Rd1+ Ke6  0-1

[Event "Pardubice Czech op"]
[Site "Pardubice"]
[Date "1998.??.??"]
[Round "4"]
[White "Tratar, Marko"]
[Black "Neumann, Peter"]
[Result "1-0"]
[WhiteElo "2420"]
[BlackElo "2365"]

1.Nf3 Nf6 2.c4 g6 3.Nc3 Bg7 4.e4 d6 5.d4 O-O 6.Be2 e5 7.O-O Na6 8.Re1 c6
9.Bf1 Bg4 10.d5 Nb4 11.Be2 a5 12.Bg5 h6 13.Be3 c5 14.g3 Bd7 15.Nh4 Ne8 16.Qd2 Kh7
17.a3 Na6 18.Rab1 Nec7 19.Bd3 Rb8 20.Nb5 Nxb5 21.cxb5 Nc7 22.b4 axb4 23.b6 Na6
24.Bxa6 bxa6 25.axb4 c4 26.Rbc1 Bb5 27.Rc3 Qd7 28.Rec1 f5 29.exf5 gxf5 30.Rxc4 Bxc4
31.Rxc4 Rbc8 32.Rxc8 Qxc8 33.Qd3 Rf6 34.Nxf5 Qxf5 35.Qxf5+ Rxf5 36.b7 Rf8
37.Ba7 Kg6 38.b8=Q Rxb8 39.Bxb8 Bf8 40.f3 Kf5 41.Kf2 e4 42.f4 h5  1-0

[Event "Pardubice Czech op"]
[Site "Pardubice"]
[Date "1998.??.??"]
[Round "5"]
[White "Babula, Vlastimil"]
[Black "Sergeev, Vladimir"]
[Result "0-1"]
[WhiteElo "2555"]
[BlackElo "2465"]

1.d4 Nf6 2.c4 d6 3.Nc3 e5 4.Nf3 Nbd7 5.e4 g6 6.Be2 Bg7 7.O-O O-O 8.Re1 h6
9.d5 Nh7 10.g3 a5 11.Be3 Nc5 12.Qd2 h5 13.Rab1 Bd7 14.b3 f5 15.Nh4 Qf6 16.Bxc5 dxc5
17.exf5 gxf5 18.Bxh5 Ng5 19.Kh1 b6 20.Rbc1 Nf7 21.f4 exf4 22.Qxf4 Nd6 23.Rc2 a4
24.Nxa4 Bxa4 25.bxa4 Bh6 26.Qf1 Qg5 27.Qf3 f4 28.Rg2 Bg7 29.Ng6 Rfe8 30.Rxe8+ Rxe8
31.Nxf4 Re1+ 32.Rg1 Rxg1+ 33.Kxg1 Nxc4 34.Qe4 Ne5 35.d6 cxd6 36.Qd5+ Kh8
37.Qxd6 Qf5 38.Qxb6 c4 39.Qc7 Qe4  0-1

[Event "Pardubice Czech op"]
[Site "Pardubice"]
[Date "1998.??.??"]
[Round "7"]
[White "Likavsky, Tomas"]
[Black "Kernazhitsky, Leonid"]
[Result "1/2-1/2"]
[WhiteElo "2280"]
[BlackElo "2355"]

1.d4 d6 2.Nf3 g6 3.c4 Bg7 4.Nc3 Nf6 5.e4 O-O 6.Be2 e5 7.O-O exd4 8.Nxd4 Nc6
9.Nc2 Re8 10.f3 Nh5 11.f4 Bxc3 12.Bxh5 Bg7 13.Bf3 Be6 14.Qd3 f5 15.Bd2 Qf6
16.Bc3 Qf7 17.Ne3 Bxc3 18.bxc3 Ne7 19.exf5 Nxf5 20.Nxf5 Bxf5 21.Qd4 c6 22.Rae1 Re6
23.g4 Rae8 24.Rxe6 Bxe6 25.Re1 Rf8 26.Kg2 Bxc4 27.Kg3 d5 28.g5 Re8 29.Re5 Rxe5
30.Qxe5 h5 31.f5 Qxf5 32.Qxf5 gxf5 33.a3 Kg7 34.Bxh5 c5 35.Kf4 Bd3 36.Ke5 Be4
37.h4 d4 38.cxd4 c4 39.d5 c3 40.Bd1 c2 41.Bxc2 Bxc2 42.h5 Bb3 43.d6 Ba4 44.Kxf5 Bd7+
45.Ke5 Kf7 46.h6 Kg6 47.Ke4  1/2-1/2

[Event "Pardubice Czech op"]
[Site "Pardubice"]
[Date "1998.??.??"]
[Round "9"]
[White "Ananchenko, Igori"]
[Black "Dumitrescu, Dragos"]
[Result "1/2-1/2"]
[WhiteElo "2285"]
[BlackElo "2400"]

1.d4 Nf6 2.c4 g6 3.Nc3 Bg7 4.e4 d6 5.Be2 O-O 6.Nf3 e5 7.dxe5 dxe5 8.Qxd8 Rxd8
9.Bg5 c6 10.Nxe5 Re8 11.O-O-O Na6 12.Rd6 Be6 13.Nf3 Ng4 14.Nd2 Nc5 15.Bh4 Nh6
16.f4 Bf8 17.Rd4 Bg7 18.Rd6 Bf8  1/2-1/2

[Event "Pardubice Czech op"]
[Site "Pardubice"]
[Date "1998.??.??"]
[Round "9"]
[White "Babula, Vlastimil"]
[Black "Odesskij, Ilia"]
[Result "1/2-1/2"]
[WhiteElo "2555"]
[BlackElo "2430"]

1.d4 d6 2.Nf3 Nf6 3.c4 g6 4.Nc3 Bg7 5.e4 O-O 6.Be2 e5 7.O-O exd4 8.Nxd4 Re8
9.f3 Nc6 10.Be3 Nh5 11.Qd2  1/2-1/2

[Event "Paris"]
[Site "Paris"]
[Date "1998.??.??"]
[Round "1"]
[White "Parmentier, Xavier"]
[Black "Moracchini, Fabrice"]
[Result "1/2-1/2"]
[WhiteElo "2335"]
[BlackElo "2315"]

1.Nf3 Nf6 2.c4 g6 3.Nc3 Bg7 4.e4 d6 5.d4 O-O 6.Be2 e5 7.O-O Na6 8.Be3 c6
9.d5 c5 10.Ne1 Ne8 11.Nd3 f5 12.exf5 gxf5 13.f4 b6 14.Qd2 e4 15.Nf2 Nf6 16.h3 Kh8
17.Kh2 Bd7 18.Rg1  1/2-1/2

[Event "Paris op"]
[Site "Paris"]
[Date "1998.??.??"]
[Round "4"]
[White "Pushkov, Nikolai"]
[Black "Le Quang, Kim"]
[Result "1-0"]
[WhiteElo "2520"]
[BlackElo "2345"]

1.d4 Nf6 2.c4 g6 3.Nc3 Bg7 4.e4 d6 5.Nf3 O-O 6.Be2 e5 7.Be3 Na6 8.d5 Ng4
9.Bg5 f6 10.Bh4 Nh6 11.Nd2 Nf7 12.f3 Bh6 13.Bf2 f5 14.Nb3 b6 15.Nc1 Nc5 16.b4 Nd7
17.Nb3 Nf6 18.a4 fxe4 19.fxe4 Ng5 20.Qd3 Ng4 21.Bxg4 Bxg4 22.Nd2 Nf7 23.a5 Bg5
24.O-O Bf4 25.Nf3 Ng5 26.Nxg5 Qxg5 27.Kh1 Bxh2 28.Kxh2 Rf3 29.gxf3 Qh5+ 30.Kg1 Bxf3
31.Bh4 Rf8 32.Rxf3 Rxf3 33.Qe2 Qg4+ 34.Qg2 Qxg2+ 35.Kxg2 Rxc3 36.axb6 axb6
37.Bf2 Rxc4 38.Kf3 Rc3+ 39.Be3 g5 40.Ke2 b5 41.Bxg5 Rc4 42.Kf3 Rxb4 43.Rc1 Rb3+
44.Kg4 Rb4 45.Rxc7 Rxe4+ 46.Kf5 Re1 47.Bf6 Rf1+ 48.Ke6 h5 49.Rg7+  1-0

[Event "Paris op"]
[Site "Paris"]
[Date "1998.??.??"]
[Round "4"]
[White "Matrand, Arnaud"]
[Black "Olivier, Philippe"]
[Result "0-1"]
[WhiteElo "2115"]
[BlackElo "2135"]

1.d4 Nf6 2.c4 g6 3.Nc3 Bg7 4.e4 d6 5.Be2 O-O 6.Nf3 e5 7.O-O Nbd7 8.d5 Nc5
9.Qc2 a5 10.Be3 Nh5 11.Nd2 Nf4 12.Rfe1 b6 13.b3 f5 14.f3 Nxe2+ 15.Rxe2 f4
16.Bf2 g5 17.Rb1 Rf6 18.a3 Bf8 19.b4 axb4 20.axb4 Nd7 21.Nb3 Rh6 22.h3 Nf6
23.c5 bxc5 24.bxc5 Qe8 25.c6 Qh5 26.Kf1 Bxh3 27.gxh3 Qxh3+ 28.Ke1 Qxf3 29.Kd2 Rh2
30.Kc1 g4 31.Kb2 g3 32.Rg1 Kf7 33.Be1 Rxe2 34.Qxe2 Qxe2+ 35.Nxe2 Nxe4 36.Nd2 Nf6
37.Nc3 h5 38.Bxg3 fxg3 39.Rxg3 Be7 40.Kc2 Rg8 41.Rf3 Ke8 42.Rh3 Rg4 43.Kd3 h4
44.Nde4 Nxe4 45.Nxe4 Rf4 46.Ke3 Kf7 47.Rh1 Kg6  0-1

[Event "Paris op"]
[Site "Paris"]
[Date "1998.??.??"]
[Round "4"]
[White "Dumitran, Octavian"]
[Black "Petermann, Hubert"]
[Result "0-1"]
[WhiteElo "2265"]
[BlackElo "2130"]

1.d4 Nf6 2.c4 g6 3.Nc3 Bg7 4.e4 O-O 5.Be2 d6 6.Nf3 e5 7.Be3 Nc6 8.d5 Ne7
9.Nd2 Ne8 10.b4 f5 11.f3 a5 12.a3 axb4 13.axb4 Rxa1 14.Qxa1 fxe4 15.fxe4 Bd7
16.Qa7 b6 17.Nb5 Nc8 18.Qb7 Bh6 19.Bxh6 Qh4+ 20.g3 Qxh6 21.Nxc7 Qe3 22.Rf1 Bg4
23.Rxf8+ Kxf8 24.Ne6+ Kg8  0-1

[Event "Paris op"]
[Site "Paris"]
[Date "1998.??.??"]
[Round "6"]
[White "Dumitran, Octavian"]
[Black "Louise, Gilles"]
[Result "1-0"]
[WhiteElo "2265"]
[BlackElo "2070"]

1.d4 Nf6 2.c4 g6 3.Nc3 Bg7 4.e4 d6 5.Be2 O-O 6.Nf3 e5 7.Be3 exd4 8.Nxd4 Re8
9.f3 Bd7 10.Qd2 Nc6 11.Nc2 a5 12.O-O Kh8 13.Rfd1 Ne7 14.Rac1 Neg8 15.Na3 Bc6
16.Nab5 b6 17.Bf1 h6 18.Qf2 Nd7 19.Nd4 Bxd4 20.Rxd4 Kh7 21.Bd3 a4 22.Bc2 Ra5
23.Bd2 Ra7 24.Nd5 Nc5 25.Bc3 Bd7 26.Rcd1 Nf6 27.Nxf6+ Qxf6 28.Rxd6 Qxc3 29.bxc3 cxd6
30.h4 h5 31.Rxd6 Rb7 32.Qd4 Be6 33.f4 Bg4 34.f5 Rg8 35.Qf6 gxf5 36.Qh6+  1-0

[Event "Paris op"]
[Site "Paris"]
[Date "1998.??.??"]
[Round "7"]
[White "Karr, Jean Philipp"]
[Black "Grigore, George"]
[Result "0-1"]
[WhiteElo "2360"]
[BlackElo "2475"]

1.d4 Nf6 2.c4 g6 3.Nc3 Bg7 4.e4 d6 5.Nf3 O-O 6.Be2 Na6 7.O-O e5 8.Be3 Ng4
9.Bg5 f6 10.Bc1 Qe8 11.c5 exd4 12.Nxd4 dxc5 13.Nb3 Qe6 14.Nd5 Rf7 15.Nf4 Qd7
16.Bc4 Ne5 17.Bxf7+ Qxf7 18.Qd8+ Qf8 19.Qd5+ Kh8 20.Rd1 c6 21.Qd6 Qxd6 22.Rxd6 Nf7
23.Rd1 f5 24.Be3 b6 25.Rd2 g5 26.Nh5 f4 27.Nxf4 gxf4 28.Bxf4 Be6 29.Nc1 c4
30.Ne2 Nb4 31.Be3 c5 32.f4 Nd3 33.e5 Bh6 34.Rf1 Nfxe5 35.h3 Re8 36.Nc3 Ng6
37.Re2 Bxf4 38.Bxf4 Ngxf4 39.Re4 Ng6 40.h4 Kg7 41.Nb5 Nge5 42.Nc7 Re7 43.Nxe6+ Rxe6
44.Rf5 h6 45.h5 b5 46.Kh1 b4 47.Re2 b3 48.axb3 cxb3 49.g4 c4 50.g5 c3 51.gxh6+ Kxh6  0-1

[Event "Paris op"]
[Site "Paris"]
[Date "1998.??.??"]
[Round "9"]
[White "Timoshenko, Georgy"]
[Black "Grigore, George"]
[Result "1/2-1/2"]
[WhiteElo "2595"]
[BlackElo "2475"]

1.d4 Nf6 2.c4 g6 3.Nc3 Bg7 4.e4 d6 5.Nf3 O-O 6.Be2 Na6 7.O-O e5 8.Re1 Qe8
9.Bf1 Bg4 10.d5 Nb4 11.Be2 a5 12.a3 Na6 13.Qc2 Nh5 14.Rb1 Nf4 15.Bxf4 exf4
16.Qd2 Bxf3 17.Bxf3 Qe5 18.Rec1 h5 19.h3 Kh7 20.b4 axb4 21.axb4 Qe7 22.Ne2 Be5
23.Rc2 Qh4 24.Nd4 Qe7 25.Be2 Bg7 26.Nf3 Bh6 27.Bd3 c5 28.dxc6 bxc6 29.c5 dxc5
30.Bxa6 Rxa6 31.Qd3 Ra4  1/2-1/2

[Event "HUN-ch op"]
[Site "Pecs"]
[Date "1998.??.??"]
[Round "7"]
[White "Beneteau, Hubert"]
[Black "Bottyan, Peter"]
[Result "1-0"]
[WhiteElo "2085"]
[BlackElo "2175"]

1.d4 Nf6 2.c4 g6 3.Nc3 Bg7 4.e4 d6 5.Be2 O-O 6.Nf3 e5 7.dxe5 dxe5 8.Qxd8 Rxd8
9.Bg5 Re8 10.Nd5 Nxd5 11.cxd5 c6 12.Bc4 cxd5 13.Bxd5 Nd7 14.Nd2 Nb6 15.Bc4 Be6
16.Bxe6 Rxe6 17.Rc1 Rc8 18.Rxc8+ Nxc8 19.Ke2 Ne7 20.Nb3 Nc6 21.Rd1 Nd4+ 22.Nxd4 exd4
23.Kd3 Ra6 24.Rc1 h6 25.Be7 Rb6 26.Rc2 g5 27.Bc5 Ra6 28.b3 Kh7 29.Rd2 Be5
30.g3 Kg6 31.Bxd4 Bxd4 32.Kxd4 g4 33.Ke3 Rc6 34.e5 Kf5 35.Rd7 Kxe5 36.Rxb7 Ra6
37.a4 Kf6 38.Kd3 Kg6 39.Rd7 Rf6 40.Rxa7 Rxf2 41.Re7 Rb2 42.Rb7 Rxh2 43.Rb4 h5
44.a5 Ra2 45.Ra4 Rb2 46.b4 h4 47.a6 hxg3 48.a7 g2 49.a8=Q g1=Q 50.Qg8+ Kf5
51.Qxf7+ Kg5 52.Ra5+ Kh4 53.Qf6+ Kg3 54.Qxb2 Qd1+ 55.Qd2 Qf1+ 56.Kc2  1-0

[Event "Plzen opJ"]
[Site "Plzen"]
[Date "1998.??.??"]
[Round "6"]
[White "Neumann, Peter"]
[Black "Praznik, Niko"]
[Result "0-1"]
[WhiteElo "2360"]
[BlackElo "2200"]

1.d4 Nf6 2.c4 g6 3.Nc3 Bg7 4.e4 d6 5.Nf3 O-O 6.Be2 Nbd7 7.O-O e5 8.Be3 c6
9.d5 c5 10.Ne1 Ne8 11.Rb1 f5 12.f3 f4 13.Bf2 a6 14.b4 b6 15.Nd3 g5 16.a4 a5
17.bxa5 bxa5 18.Nb5 Rf7 19.Be1 Bf8 20.Bc3 Rg7 21.Qd2 h5 22.Nc1 g4 23.Nb3 Qh4
24.Rfc1 Ndf6 25.Rc2 gxf3 26.Bxf3 Ng4 27.Bxg4 hxg4 28.Nxc5 Rh7 29.g3 fxg3
30.Ne6 Bh6 31.Qe1 gxh2+ 32.Kh1 g3 33.Rg2 Bf4 34.Bd2 Rf7 35.Rb2 Bxe6 36.dxe6 Rg7
37.Nc3 Nf6 38.Nd5 Ng4 39.Bxf4 Nf2+ 40.Qxf2 gxf2  0-1

[Event "Plzen opJ"]
[Site "Plzen"]
[Date "1998.??.??"]
[Round "6"]
[White "Kalod, Radek"]
[Black "Novak, Pavel"]
[Result "1-0"]
[WhiteElo "2435"]
[BlackElo "2210"]

1.c4 Nf6 2.Nc3 g6 3.e4 d6 4.d4 Bg7 5.Nf3 O-O 6.Be2 e5 7.O-O exd4 8.Nxd4 Re8
9.f3 Nc6 10.Be3 Nh5 11.Qd2 f5 12.Nxc6 bxc6 13.Bg5 Bd4+ 14.Kh1 Bf6 15.Bxf6 Nxf6
16.c5 dxc5 17.Qg5 Be6 18.Rfd1 Qe7 19.exf5 Bxf5 20.Bc4+ Kg7 21.g4 Be6 22.Re1 Qd6
23.Bxe6 Rxe6 24.Rxe6 Qxe6 25.Qxc5 Qd6 26.Qf2 Qf4 27.Re1 Nxg4 28.Qg3 Qxg3
29.hxg3 Nf2+ 30.Kg2 Nd3 31.Re7+ Kh6 32.b3 Nb4 33.Rxc7 Nd5 34.Rxc6 Nxc3 35.Rxc3 Rd8
36.a3 Rd2+ 37.Kh3 Rd5 38.b4 Rd7 39.f4 Kg7 40.Rc6 Kf7 41.Kh4 Kg7 42.Ra6 Kf7
43.g4  1-0

[Event "Prievidza Cup 29th"]
[Site "Prievidza"]
[Date "1998.??.??"]
[Round "5"]
[White "Salai, Ladislav"]
[Black "Hanko, Pavel"]
[Result "1/2-1/2"]
[WhiteElo "2430"]
[BlackElo "2245"]

1.d4 Nf6 2.c4 g6 3.Nc3 Bg7 4.e4 d6 5.Nf3 O-O 6.Be2 e5 7.O-O Nbd7 8.Re1 c6
9.Bf1 a5 10.Rb1 Re8 11.d5 Nc5 12.b3 Bd7 13.Nd2 Rb8 14.a3 cxd5 15.cxd5 b5
16.b4 axb4 17.axb4 Na6 18.Ra1 Qb6 19.Nb3 Ng4 20.Qe2 Rec8 21.Na2 Bh6 22.h3 Bxc1
23.Rexc1 Nf6 24.Qe1 Nh5 25.Rxc8+ Rxc8 26.Rc1 Nf4 27.Rxc8+ Bxc8 28.Qc3 Bd7
29.Nac1 f5 30.g3 Nh5 31.exf5 gxf5 32.Na5 Nf6 33.Bg2 Nc7 34.Qd2 Kf7 35.Ne2 Na8
36.Nc6 Qa6 37.Qg5 Nb6 38.Nd8+ Ke7 39.Nc6+ Kf7 40.Nd8+ Ke7 41.Nb7 Qxb7 42.Qg7+ Kd8
43.Qxf6+ Kc7 44.Qh6 Qa7 45.Qc1+ Nc4 46.Bf1 Qa3 47.Qxa3 Nxa3 48.Nc3 Kb6 49.Be2 Nc2
50.Na2 Kc7 51.Bd1 Nd4 52.f4 Kd8 53.Kf2 Ke7 54.Ke3 Kf6 55.Kd3 Be8 56.Nc3 h6
57.Be2 Ke7 58.Kd2 Kf6 59.Bd1 Ke7 60.Bc2 Kf6 61.Kd3 Ke7 62.Bb1 Bd7 63.Nd1 Be8
64.Ne3 Bd7 65.Ng2 Kf6 66.Ne1 Be8 67.Ke3 Bd7 68.Ba2  1/2-1/2

[Event "Prievidza Cup 29th"]
[Site "Prievidza"]
[Date "1998.??.??"]
[Round "5"]
[White "Huba, Martin"]
[Black "Dobrotka, Martin"]
[Result "1/2-1/2"]
[WhiteElo "2135"]
[BlackElo "2225"]

1.d4 Nf6 2.c4 g6 3.Nc3 Bg7 4.e4 d6 5.Nf3 O-O 6.Be2 e5 7.d5 a5 8.Bg5 Na6 9.O-O Nc5
10.Qc2 h6 11.Be3 b6 12.Bxc5 bxc5 13.b3  1/2-1/2

[Event "Prievidza Cup 29th"]
[Site "Prievidza"]
[Date "1998.??.??"]
[Round "8"]
[White "Koutsin, Sergey"]
[Black "Fuksik, Jakub"]
[Result "1-0"]
[WhiteElo "2415"]
[BlackElo "2285"]

1.d4 d6 2.Nf3 Nf6 3.c4 g6 4.Nc3 Bg7 5.e4 O-O 6.Be2 Nbd7 7.O-O e5 8.Re1 Re8
9.Bf1 a6 10.Rb1 exd4 11.Nxd4 c6 12.Bf4 Nc5 13.f3 Nh5 14.Be3 Be5 15.Qd2 Qf6
16.Rbd1 Ne6 17.Nxe6 Bxe6 18.Bg5 Qg7 19.g4 Nf6 20.Bh6 Qh8 21.h3 c5 22.Be3 Bg3
23.Bf2 Bxf2+ 24.Qxf2 Red8 25.f4 Ne8 26.Rd2 f6 27.Red1 Qg7 28.e5 fxe5 29.fxe5 Qc7
30.exd6 Rxd6 31.Rxd6 Nxd6 32.Qf4 Ne8 33.Qxc7 Nxc7 34.Ne4 Bf7 35.Nxc5 b6 36.Nd7 b5
37.b3 Kg7 38.Ne5 Be6 39.Rd6 Kf6 40.Nc6 Re8 41.Kf2 Rc8 42.Ke3 h5 43.gxh5 gxh5
44.Nd4 Ke7 45.Rc6 Kd7 46.h4 Re8 47.Rxe6 Nxe6 48.Bh3 Kd6 49.Bxe6 Kc5 50.Kd3 a5
51.Kc3 bxc4 52.bxc4 a4 53.a3 Re7 54.Kd3 Rg7  1-0

[Event "Ptuj"]
[Site "Ptuj"]
[Date "1998.??.??"]
[Round "?"]
[White "Polajzer, Danilo"]
[Black "Tratar, Marko"]
[Result "1-0"]
[WhiteElo "2420"]
[BlackElo "2450"]

1.Nf3 Nf6 2.c4 g6 3.Nc3 Bg7 4.d4 O-O 5.e4 d6 6.Be2 Na6 7.O-O e5 8.Rb1 exd4
9.Nxd4 Re8 10.f3 Nh5 11.Be3 f5 12.b4 Nf6 13.Qd2 fxe4 14.Nxe4 Nxe4 15.fxe4 c5
16.Nb5 Be5 17.Bg5 Qb6 18.Bf6 Be6 19.Qh6 Bxf6 20.Rxf6 cxb4+ 21.Kh1 Nc5 22.Rbf1 Nd7
23.Rxg6+ hxg6 24.Qxg6+ Kh8 25.Qh6+ Kg8 26.Rf3  1-0

[Event "Ptuj"]
[Site "Ptuj"]
[Date "1998.??.??"]
[Round "?"]
[White "Tratar, Marko"]
[Black "Krstic, Uros"]
[Result "1-0"]
[WhiteElo "2450"]
[BlackElo "2380"]

1.Nf3 Nf6 2.c4 g6 3.Nc3 Bg7 4.e4 d6 5.d4 O-O 6.Be2 e5 7.O-O Nh5 8.g3 Bh3
9.Re1 exd4 10.Nxd4 Nf6 11.Bg5 h6 12.Be3 Re8 13.f3 Nc6 14.Qd2 h5 15.Rad1 Ne5
16.Bg5 c6 17.Qf4 Qe7 18.Qh4 Bc8 19.f4 Ned7 20.Bxh5 gxh5 21.Nf5 Qd8 22.Nxg7 Kxg7
23.c5 Kf8 24.Bh6+  1-0

[Event "CRO-Cup"]
[Site "Pula"]
[Date "1998.??.??"]
[Round "3"]
[White "Havas, Ladislav"]
[Black "Bilobrk, Franjo"]
[Result "1/2-1/2"]
[WhiteElo "2275"]
[BlackElo "2365"]

1.d4 Nf6 2.c4 g6 3.Nc3 Bg7 4.e4 d6 5.Nf3 O-O 6.Be2 e5 7.O-O Na6 8.Be3 Ng4
9.Bg5 Qe8 10.h3 h6 11.Bc1 exd4 12.Nxd4 Nf6 13.Bf3 Nh7 14.Re1 Ng5 15.Bg4 Bxg4
16.hxg4 Nc5 17.Ndb5 Qd8 18.Rb1 Re8 19.Bxg5 hxg5 20.Nd4 Qd7 21.f3 Be5 22.Nce2 a5
23.Qd2 Qe7 24.g3 Qf6 25.Kg2 Kg7 26.Rbd1 Rh8 27.Rh1 a4 28.Rxh8 Rxh8 29.b4 axb3
30.axb3 Ra8 31.b4 Bxd4 32.Nxd4 Ne6 33.Nb5 Ra1 34.Rxa1 Qxa1 35.Qc3+ Qxc3 36.Nxc3 Kf6
37.Kf2 Ke5 38.Ke3 f5 39.gxf5 gxf5 40.exf5 Kxf5 41.Nd5 Ke5 42.b5 c6 43.bxc6 bxc6
44.f4+ gxf4+ 45.gxf4+ Kf5 46.Ne7+ Kg4 47.Nxc6 Nxf4  1/2-1/2

[Event "Pula op"]
[Site "Pula"]
[Date "1998.??.??"]
[Round "3"]
[White "Radocaj, Denis"]
[Black "Socko, Bartosz"]
[Result "0-1"]
[WhiteElo "2380"]
[BlackElo "2485"]

1.d4 Nf6 2.c4 g6 3.Nc3 Bg7 4.e4 d6 5.Nf3 O-O 6.Be2 e5 7.Be3 Ng4 8.Bg5 f6
9.Bh4 Nc6 10.d5 Ne7 11.Nd2 Nh6 12.f3 g5 13.Bf2 f5 14.c5 Ng6 15.Nc4 Nf4 16.O-O b6
17.cxd6 cxd6 18.a4 Ba6 19.Nb5 Qd7 20.Nca3 Rf6 21.Nc2 Raf8 22.Nb4 Bc8 23.Rc1 fxe4
24.fxe4 Ng4 25.Rc7 Nxf2 26.Rxf2 Qe8 27.Nd3 Bd7 28.Nxf4 exf4 29.Rxa7 Rh6 30.Nc3 Qc8
31.Ba6 Qd8 32.Bb5 Bc8 33.Ne2 Qf6 34.b3 Qe5 35.Qd3 g4 36.Bd7 f3 37.Ng3 Qd4
38.Qf1 Bxd7 39.Rxd7 Be5 40.gxf3  0-1

[Event "Pula op"]
[Site "Pula"]
[Date "1998.??.??"]
[Round "3"]
[White "Tratar, Marko"]
[Black "Kempinski, Robert"]
[Result "1-0"]
[WhiteElo "2420"]
[BlackElo "2520"]

1.Nf3 Nf6 2.c4 g6 3.Nc3 Bg7 4.e4 O-O 5.d4 d6 6.Be2 Na6 7.O-O e5 8.Re1 c6
9.Bf1 Bg4 10.d5 Nb4 11.Be2 a5 12.Bg5 Bd7 13.Nd2 c5 14.a3 Na6 15.Rb1 h6 16.Bh4 Bc8
17.Nb3 Qb6 18.Nc1 Nh7 19.Nd3 Bd7 20.f3 f5 21.Bf2 Qc7 22.b4 axb4 23.axb4 cxb4
24.Nb5 Qb8 25.Nxb4 fxe4 26.Nxa6 Rxa6 27.fxe4 Ng5 28.Bd3 Ra2 29.Be3 Rf4 30.Qb3 Qa8
31.Rb2 Qa5 32.Bd2 Qb6+ 33.Be3 Qa5 34.Bd2 Qxd2 35.Rxd2 Rxd2 36.Rd1 Rxd1+ 37.Qxd1 Nxe4
38.Qc2 Bf5 39.g3 Rf2 40.Qc1 Rf3 41.g4 Rxd3 42.gxf5 Ng5 43.c5 dxc5 44.Qxc5 gxf5
45.Qc8+ Bf8 46.d6 Rd1+ 47.Kf2 f4 48.d7 Rd2+ 49.Kf1 Nf7 50.Nc7 Rd6 51.Qe8 Kg7
52.Ne6+ Rxe6 53.Qxe6 Bb4 54.Qxf7+  1-0

[Event "Pula op"]
[Site "Pula"]
[Date "1998.??.??"]
[Round "4"]
[White "Cebalo, Miso"]
[Black "Butorac, Ivan"]
[Result "1-0"]
[WhiteElo "2515"]
[BlackElo "2270"]

1.Nf3 Nf6 2.c4 g6 3.Nc3 Bg7 4.e4 d6 5.d4 O-O 6.Be2 e5 7.O-O exd4 8.Nxd4 Nc6
9.Be3 Re8 10.f3 Bd7 11.Qd2 Nxd4 12.Bxd4 Bc6 13.Rac1 b6 14.Rfd1 a5 15.Bf1 Nd7
16.Bf2 Nc5 17.b3 h5 18.Nd5 Bxd5 19.cxd5 Qd7 20.Qc2 Bh6 21.Rb1 f5 22.exf5 gxf5
23.Re1 Bg7 24.a3 a4 25.b4 Nb3 26.Qd3 Kf7 27.g3 f4 28.gxf4  1-0

[Event "CRO-chT2"]
[Site "Pula"]
[Date "1998.??.??"]
[Round "5"]
[White "Muslija, Idris"]
[Black "Biti, Ozren"]
[Result "1-0"]
[WhiteElo "2245"]
[BlackElo "2220"]

1.c4 g6 2.Nc3 Bg7 3.d4 d6 4.e4 Nf6 5.Nf3 O-O 6.Be2 e5 7.O-O Nh5 8.Bg5 f6
9.Be3 Nf4 10.Ne1 Nxe2+ 11.Nxe2 Nc6 12.d5 Ne7 13.Nd3 f5 14.f3 f4 15.Bf2 g5
16.Nc3 Rf6 17.c5 Qe8 18.a4 Rh6 19.Kh1 a6 20.b4 Bd7 21.Bg1 Ng6 22.Nb2 Nh4
23.Nc4 Qh5 24.c6 bxc6 25.dxc6 Be6 26.Nd5 g4 27.Rc1 gxf3 28.gxf3 Bh3 29.Rf2 Qg5
30.Qe2 Ra7 31.b5 axb5 32.axb5 Rg6 33.b6 cxb6 34.Ncxb6 Ra3 35.c7 Nxf3 36.c8=Q+ Bxc8
37.Rxc8+ Bf8 38.Rg2 Ra1 39.Qxf3 Rxg1+ 40.Kxg1  1-0

[Event "Pula op"]
[Site "Pula"]
[Date "1998.??.??"]
[Round "5"]
[White "Jelen, Igor"]
[Black "Jovanic, Ognjen"]
[Result "1-0"]
[WhiteElo "2430"]
[BlackElo "2285"]

1.d4 Nf6 2.c4 g6 3.Nc3 Bg7 4.e4 d6 5.Nf3 O-O 6.Be2 Na6 7.O-O e5 8.Be3 c6
9.h3 exd4 10.Bxd4 Re8 11.Qc2 Nb4 12.Qb1 d5 13.cxd5 cxd5 14.Bb5 dxe4 15.Bxf6 Bxf6
16.Nxe4 Nc6 17.Rd1 Qe7 18.Nxf6+ Qxf6 19.Nh2 Bxh3 20.gxh3 Qg5+ 21.Ng4 Qxb5
22.Nf6+ Kg7 23.Nxe8+ Rxe8 24.Qc1 Re2 25.Qc3+ Kh6 26.b3 Qf5 27.Qg3 Ne5 28.Kf1 Qe4
29.Re1 Qh1+  1-0

[Event "CRO-chT2"]
[Site "Pula"]
[Date "1998.??.??"]
[Round "5"]
[White "Keglevic, Pavao"]
[Black "Terzic, Drago"]
[Result "0-1"]
[WhiteElo "2260"]
[BlackElo "2250"]

1.d4 Nf6 2.Nf3 g6 3.c4 Bg7 4.Nc3 O-O 5.e4 d6 6.Be2 Na6 7.O-O e5 8.d5 Nc5
9.Qc2 a5 10.Be3 b6 11.a3 a4 12.Nd2 Bd7 13.f3 h5 14.b4 axb3 15.Nxb3 Nxb3 16.Qxb3 Kh7
17.Nb5 Bh6 18.a4 Bxe3+ 19.Qxe3 Kg7 20.a5 Bxb5 21.cxb5 bxa5 22.Rfc1 Nd7 23.Qc3 Nc5
24.Rxa5 Rxa5 25.Qxa5 Nb3 26.Qxc7 Nxc1 27.Qxc1 Qb6+ 28.Kf1 Ra8 29.Qb2 Qe3
30.Bd1 h4 31.h3 Ra7 32.Qb3 Qd2 33.Qc2 Qxc2 34.Bxc2 Ra2 35.Bd3 Kf8 36.Be2 Ke7
37.Kf2 Rb2 38.Ke3 Kd8 39.Kf2 Kc7 40.Ke3 Kb6 41.Kf2 Kb7 42.Ke1 Kb6 43.Kf1 Kc5
44.Ke1 Kd4 45.Kf2 f6 46.b6 Rxb6 47.Kg1 f5 48.Kh2 fxe4 49.fxe4 Kxe4 50.Bf3+ Kd4
51.g3 Rb2+ 52.Bg2 hxg3+ 53.Kxg3 Rxg2+ 54.Kxg2 Kxd5 55.Kf3 Ke6 56.Kg4 Kf6
57.h4 d5 58.Kf3 Kf5 59.Kg3 e4 60.Kh3 Kf4  0-1

[Event "Pula op"]
[Site "Pula"]
[Date "1998.??.??"]
[Round "5"]
[White "Bobrowska, Monika"]
[Black "Kempinski, Robert"]
[Result "0-1"]
[WhiteElo "2320"]
[BlackElo "2520"]

1.d4 Nf6 2.Nf3 g6 3.c4 Bg7 4.Nc3 O-O 5.e4 d6 6.Be2 Na6 7.O-O e5 8.Re1 c6
9.Bf1 Bg4 10.d5 Nb4 11.Be2 a5 12.Bg5 h6 13.Be3 Bd7 14.Nd2 Na6 15.a3 Ne8 16.Rb1 c5
17.Rf1 Qe7 18.Nb3 b6 19.Qd2 Kh7 20.Rbe1 f5 21.exf5 gxf5 22.f3 Nf6 23.Bd3 Nc7
24.Nc1 Rab8 25.N1e2 Qf7 26.g4 b5 27.Ng3 e4 28.fxe4 bxc4 29.Bb1 Nxg4 30.exf5 Bf6
31.Bf4 Bd4+ 32.Kh1 Nxd5 33.Nge4 Bc6 34.Bxh6 Nxc3 35.bxc3 Rxb1 36.Qg2 Nf2+  0-1

[Event "CRO-chT2"]
[Site "Pula"]
[Date "1998.??.??"]
[Round "7"]
[White "Bilobrk, Franjo"]
[Black "Vitic, Ivan"]
[Result "1/2-1/2"]
[WhiteElo "2365"]
[BlackElo "2300"]

1.d4 Nf6 2.Nf3 g6 3.c4 Bg7 4.Nc3 O-O 5.e4 d6 6.Be2 e5 7.O-O Na6 8.Be3 Ng4
9.Bg5 Qe8 10.dxe5 dxe5 11.h3 h6 12.Bd2 Nf6 13.Be3 Qe7 14.a3 c6 15.b4 Nh5
16.c5 Nc7 17.Qd6 Re8 18.Rfd1 Be6 19.Qxe7 Rxe7 20.a4 Nf4 21.Bf1 Rd7 22.Rxd7 Bxd7
23.b5 Nfe6 24.b6 axb6 25.cxb6 Na6 26.Bxa6 Rxa6 27.Rd1 Be8 28.Nd2 Bf8 29.Nc4 f6
30.Nd6 Bxd6 31.Rxd6 Kf7 32.Rd2 Nd4 33.Bxd4 exd4 34.Rxd4 Rxb6 35.f4 Rb3 36.Ne2 c5
37.Rd5 Re3 38.Kf2 Rxe4 39.Rxc5 Bxa4 40.Nc3 Rxf4+ 41.Ke3 Rb4 42.Rc7+ Ke6 43.Nxa4 Rxa4
44.Rxb7  1/2-1/2

[Event "Pula op"]
[Site "Pula"]
[Date "1998.??.??"]
[Round "8"]
[White "Nikolov, Sasho"]
[Black "Cvitan, Ognjen"]
[Result "0-1"]
[WhiteElo "2415"]
[BlackElo "2560"]

1.d4 Nf6 2.c4 g6 3.Nc3 Bg7 4.e4 d6 5.Nf3 O-O 6.Be2 e5 7.O-O Nbd7 8.Qc2 Nh5
9.Rd1 Nf4 10.Bf1 c5 11.Nb5 cxd4 12.Bxf4 exf4 13.Nfxd4 Ne5 14.Nb3 f3 15.g3 Qg5
16.Nxd6 Bg4 17.Nc5 b6 18.Nd3 Rad8 19.Nf4 Qh6 20.Nb5 a6 21.Nc3 g5 22.Rxd8 Rxd8
23.Nfd5 Bh3 24.Rd1 Re8 25.Ne3 Bxf1 26.Kxf1 Qxh2 27.Ke1 Qg1+ 28.Nf1 Nxc4 29.Nd5 b5
30.b3 Nd6 31.Qc6 Be5 32.Nf6+ Bxf6 33.Rxd6 Bc3+ 34.Qxc3 Rxe4+ 35.Kd2 Qxf2+
36.Kc1 Re1+  0-1

[Event "Pula op"]
[Site "Pula"]
[Date "1998.??.??"]
[Round "8"]
[White "Kempinski, Robert"]
[Black "Markowski, Tomasz"]
[Result "1-0"]
[WhiteElo "2520"]
[BlackElo "2505"]

1.d4 d6 2.Nf3 Nf6 3.c4 g6 4.Nc3 Bg7 5.e4 O-O 6.Be2 Na6 7.O-O e5 8.Be3 Qe7
9.Bg5 exd4 10.Nxd4 Qe5 11.Nf3 Qe8 12.Bd3 Nc5 13.Re1 h6 14.Bh4 g5 15.Bg3 Nh5
16.Bc2 Qd8 17.Nd4 Nxg3 18.hxg3 c6 19.Qd2 Qf6 20.Rad1 Rd8 21.Qe3 a5 22.f4 Bg4
23.Rd2 Re8 24.Bd1 Bd7 25.Nf3 g4 26.Nh4 Rad8 27.Bc2 Bc8 28.e5 Qe7 29.Ne4 Nxe4
30.Qxe4 dxe5 31.Rf2 f5 32.Nxf5 Bxf5 33.Qxf5 e4 34.Rxe4 Qf6 35.Qh7+ Kf8 36.Re5  1-0